| 000 | 00769nam a22001817a 4500 | ||
|---|---|---|---|
| 003 | BD-DhUL | ||
| 005 | 20181115122428.0 | ||
| 008 | 181115s2018 bg a|||| |||| 00| 0 ben | ||
| 020 | _a9789843430076 | ||
| 040 |
_aBD-DhUL _cBD-DhUL |
||
| 082 |
_a320.92 _bSHA |
||
| 100 | 1 | _aআলী, বেগম মাজেদা | |
| 245 |
_aশেখ রাজ্জাক আলী স্মারকগ্রন্থ / _cবেগম মাজেদা আলী |
||
| 260 |
_aখুলনা : _bশেখ রাজ্জাক আলী স্মৃতি সংসদ, _c২০১৮ |
||
| 300 |
_aখ. : _b চিত্র (কিছ রঙিন) ; _c২২ সেমি |
||
| 650 |
_aআলী, শেখ রাজ্জাক _xজীবনী |
||
| 942 |
_2ddc _cBK |
||
| 999 |
_c244639 _d244639 |
||